01721nam a2200349Ia 4500001001200000003000800012006001900020007001500039008004100054010001700095020003900112020003800151040002100189035002100210050002300231245018900254250001200443260015100455300002300606504005100629533015200680610007900832650007900911650005300990650006101043655002901104700002401133700002101157710005001178710001701228856012601245ebr10313955CaPaEBRm u cr cn|||||||||080624s2008 ncua sb 001 0 eng d z 2008027785 z9780807832646 (cloth : alk. paper) z9780807859360 (pbk. : alk. paper) aCaPaEBRcCaPaEBR a(OCoLC)64681142714aE98.B7bL36 2008eb04aThe land has memoryh[electronic resource] :bindigenous knowledge, native landscapes, and the National Museum of the American Indian /cedited by Duane Blue Spruce and Tanya Thrasher. a1st ed. aChapel Hill :bUniversity of North Carolina Press in association with the National Museum of the American Indian, Smithsonian Institution,cc2008. axv, 166 p. :bill. aIncludes bibliographical references and index. aElectronic reproduction.bPalo Alto, Calif. :cebrary,d2009.nAvailable via World Wide Web.nAccess may be limited to ebrary affiliated libraries.20aNational Museum of the American Indian (U.S.)xBuildingsvPictorial works. 0aIndians of North AmericaxEthnobotanyzWashington (D.C.)vPictorial works. 0aEthnobotanyzWashington (D.C.)vPictorial works. 0aLandscape gardeningzWashington (D.C.)vPictorial works. 7aElectronic books.2local1 aBlue Spruce, Duane.1 aThrasher, Tanya.2 aNational Museum of the American Indian (U.S.)2 aebrary, Inc.40uhttp://site.ebrary.com/lib/rucke/Doc?id=10313955zAn electronic book accessible through the World Wide Web; click to view